| 000 | 00549nam a2200181Ia 4500 | ||
|---|---|---|---|
| 008 | 090630s9999 xx 000 0 und d | ||
| 082 | _b7012 | ||
| 100 | _aजोशी चि. वि. | ||
| 245 |
_aसोळा आणे. _cजोशी चि. वि. |
||
| 260 |
_bकॉन्टीनेंटल. _c1979 |
||
| 300 | _a99 | ||
| 600 | _aजोशी चि. वि. | ||
| 630 | _aसोळा आणे. | ||
| 655 | _aलघुकथा. | ||
| 700 | _aजोशी चि. वि. | ||
| 730 | _aसोळा आणे. | ||
| 942 | _cBOOK | ||
| 999 |
_c258868 _d258868 |
||